000 00944nam a22002297a 4500
005 20250425155724.0
008 250425b |||||||| |||| 00| 0 eng d
020 _a978-93-82554-07-3 (hbk)
037 _cTB
040 _aCRL
_cCRL
041 _2hin
_ahin
084 _aO152,1N38x R1
_qCRL
100 _aउपाध्याय, आर. डी.
_9753056
245 _aजो तार पे गुजरी है
260 _aदिल्ली, भारत:
_bअद्वैत प्रकाशन,
_c2021.
300 _a247पृ0
365 _b495.00
_cINR
650 _aहिन्दी कविता
650 _aहिन्दी साहित्य
942 _2CC
_cTB
_hO152,1N38x R1
_n0
999 _c1309412
_d1309412